[Event "Sonderjysk EMT 2. klasse 2013"]
[Site "Haderslev"]
[Date "2013.04.29"]
[Round "1"]
[White "Christensen, Karl Martin"]
[Black "Jensen, Karl Orskov"]
[Result "0-1"]
[WhiteElo "1378"]
[BlackElo "1406"]
[PlyCount "82"]
[EventDate "2013.??.??"]

1. c4 c6 2. d4 d5 3. cxd5 cxd5 4. Nc3 Nf6 5. h3 e6 6. e3 a6 7. Nf3 Nc6 8. Bd3
Be7 9. Bc2 Bd7 10. a3 b5 11. Qd3 b4 12. Ne2 Na5 13. Bd2 Bb5 14. Ba4 Bxa4 15.
axb4 Bb5 16. Qc2 Rc8 17. Qd1 Nc4 18. Bc3 Ne4 19. O-O O-O 20. b3 Ncd6 21. Bd2
Qb6 22. Re1 Rc7 23. Ra2 Rfc8 24. g4 h6 25. Kg2 Nxd2 26. Qxd2 Ne4 27. Qd1 Bxb4
28. Rg1 Bxe2 29. Qxe2 a5 30. Qb2 Qc6 31. Rd1 f6 32. Ne1 Qb5 33. Ra4 Nc3 34.
Rxb4 axb4 35. Ra1 Qe2 36. Qxe2 Nxe2 37. Ra6 Rc1 38. Nd3 R1c6 39. Ra4 Rc3 40.
Nxb4 Rxb3 41. Kf1 Nc3 0-1

[Event "Sonderjysk EMT 2. klasse 2013"]
[Site "Haderslev"]
[Date "2013.04.29"]
[Round "1"]
[White "Harbo, Ole"]
[Black "Bruhn, Curt"]
[Result "1/2-1/2"]
[WhiteElo "1020"]
[BlackElo "1165"]
[PlyCount "36"]
[EventDate "2013.??.??"]

1. Nf3 e6 2. e4 Nf6 3. Nc3 Bb4 4. Bd3 b6 5. a3 Bxc3 6. dxc3 Bb7 7. Qe2 h6 8. h3
O-O 9. g4 d5 10. e5 Nfd7 11. Bd2 c5 12. c4 dxc4 13. Bxc4 Bxf3 14. Qxf3 Nxe5 15.
Qe4 Nbd7 16. O-O-O Nxc4 17. Qxc4 Qf6 18. f4 Rfd8 1/2-1/2

[Event "Sonderjysk EMT 2. klasse 2013"]
[Site "Haderslev"]
[Date "2013.04.29"]
[Round "1"]
[White "Jessen, Morten"]
[Black "Krongaard, Kasper Schmidt"]
[Result "1-0"]
[WhiteElo "1336"]
[BlackElo "1000"]
[PlyCount "81"]
[EventDate "2013.??.??"]

1. c4 e5 2. Nc3 Bc5 3. g3 d6 4. Bg2 Nf6 5. h3 O-O 6. d3 c6 7. Nf3 h6 8. a3 Be6
9. b4 Bd4 10. Nxd4 exd4 11. Nb1 b5 12. cxb5 Bd5 13. Bxd5 Nxd5 14. bxc6 Nxc6 15.
Bb2 Rc8 16. b5 Qb6 17. Qb3 Nce7 18. O-O a5 19. a4 Nb4 20. Nd2 d5 21. Nf3 Nc2
22. Rac1 Qc5 23. Rfd1 Rfd8 24. Rd2 Qb4 25. Qxb4 Nxb4 26. Rxc8 Rxc8 27. Bxd4 h5
28. Bb6 d4 29. Bxa5 Nbd5 30. Nxd4 Ra8 31. Nb3 g5 32. Ra2 Kg7 33. Bd2 f6 34. e4
Nb6 35. a5 Nbc8 36. Bb4 Ng6 37. b6 Nxb6 38. axb6 Rb8 39. Ra7+ Kh6 40. b7 Ne7
41. Bxe7 1-0

[Event "Sonderjysk EMT 2. klasse 2013"]
[Site "Haderslev"]
[Date "2013.04.29"]
[Round "1"]
[White "Jorgensen, Arne Juul"]
[Black "Jorgensen, Lars H"]
[Result "0-1"]
[WhiteElo "1039"]
[BlackElo "1408"]
[PlyCount "98"]
[EventDate "2013.??.??"]

1. d4 d5 2. Nf3 Nf6 3. e3 Nc6 4. b3 e6 5. c4 b6 6. a3 Be7 7. b4 O-O 8. Be2 dxc4
9. Bxc4 a6 10. Nc3 Bb7 11. Bb3 h6 12. O-O Na7 13. Bd2 Nc8 14. Re1 Nd6 15. Bc2
Nc4 16. Bc1 g6 17. e4 Kg7 18. Bb3 b5 19. a4 Bxb4 20. Bd2 Nxd2 21. Qxd2 Bxc3 22.
Qxc3 Nxe4 23. Qc2 Ng5 24. Nd2 Rc8 25. Qc3 Kg8 26. Bc2 Bd5 27. Nf1 Nh7 28. Ne3
Nf6 29. Qb4 c6 30. Bd3 a5 31. Qb2 b4 32. Rac1 Nd7 33. Nxd5 cxd5 34. Rcd1 Nb6
35. Bb5 Qe7 36. Re2 Rc3 37. Re3 Rfc8 38. Re2 Qf6 39. h3 Nc4 40. Qa1 Nd6 41. Bd3
Nf5 42. Bxf5 Qxf5 43. f3 Rd3 44. Rde1 Rcc3 45. Kf2 Qf6 46. Re5 Qh4+ 47. Kg1
Qxd4+ 48. Kf1 Rd2 49. Qb1 Qf2# 0-1

[Event "Sonderjysk EMT 2. klasse 2013"]
[Site "Haderslev"]
[Date "2013.04.29"]
[Round "1"]
[White "Jorgensen, Palle Gejl"]
[Black "Wedel, Freddy"]
[Result "1-0"]
[WhiteElo "1408"]
[BlackElo "1200"]
[PlyCount "67"]
[EventDate "2013.??.??"]

1. e4 c5 2. Nf3 Nf6 3. Nc3 e6 4. d3 b6 5. Be2 Be7 6. O-O O-O 7. Be3 Bb7 8. h3
d5 9. exd5 exd5 10. d4 c4 11. a3 h6 12. Qd2 Nc6 13. Nh2 Ba6 14. Bf3 Ne4 15.
Bxe4 dxe4 16. Rfe1 Bf6 17. Ne2 Qd5 18. c3 Bg5 19. Nf4 Bxf4 20. Bxf4 Rae8 21.
Qe3 Bc8 22. Qg3 Bf5 23. Bxh6 Bg6 24. Bf4 Re6 25. Ng4 b5 26. Ne3 Qd7 27. d5 Rd6
28. Bxd6 Re8 29. dxc6 Qxc6 30. Rad1 Rd8 31. Rd4 a5 32. Red1 b4 33. Rxc4 Qe8 34.
axb4 1-0

[Event "Sonderjysk EMT 2. klasse 2013"]
[Site "Haderslev"]
[Date "2013.04.29"]
[Round "1"]
[White "Schack, Asbjorn Hovgaard"]
[Black "Petersen, Lasse Borring"]
[Result "1-0"]
[WhiteElo "1226"]
[BlackElo "1000"]
[PlyCount "63"]
[EventDate "2013.??.??"]

1. d4 d5 2. c4 c6 3. Nf3 Bf5 4. cxd5 cxd5 5. Qb3 Nc6 6. Qxb7 Rc8 7. Bf4 e6 8.
Nc3 Nge7 9. Nb5 Nb4 10. Nd6+ Qxd6 11. Bxd6 Nc2+ 12. Kd1 Nxa1 13. Bxe7 e5 14.
Bxf8 Rxf8 15. Nxe5 f6 16. e4 dxe4 17. Bb5+ Kd8 18. Nf7+ Rxf7 19. Qxf7 Bg4+ 20.
Ke1 Rc1+ 21. Kd2 Rxh1 22. Qg8+ Kc7 23. Qxg7+ Kb6 24. Qxg4 Kxb5 25. Qxe4 Rxh2
26. Qb1 Rxg2 27. Ke3 h5 28. Qf1+ Kc6 29. Qxg2+ Kd6 30. f4 f5 31. b4 a6 32. Qb2
1-0

[Event "Sonderjysk EMT 2. klasse 2013"]
[Site "Haderslev"]
[Date "2013.05.06"]
[Round "2"]
[White "Bruhn, Curt"]
[Black "Schack, Asbjorn Hovgaard"]
[Result "0-1"]
[WhiteElo "1165"]
[BlackElo "1226"]
[PlyCount "58"]
[EventDate "2013.??.??"]

1. d4 d5 2. e3 Nf6 3. Nf3 Bg4 4. Be2 e6 5. Ne5 Bxe2 6. Qxe2 Bd6 7. Qb5+ Nbd7 8.
Nxd7 Qxd7 9. Qxb7 O-O 10. O-O Rfb8 11. Qa6 c5 12. a4 Rb6 13. Qa5 Rc8 14. Qc3
cxd4 15. Qxd4 Rc4 16. Qd1 Qc7 17. Nd2 Bxh2+ 18. Kh1 Rh4 19. Nf3 Rh5 20. b3 Be5+
21. Kg1 Bxa1 22. Bd2 Bc3 23. Qe2 Rc6 24. Rc1 Ne4 25. Qe1 Rc5 26. Kf1 Rh1+ 27.
Ke2 Bxd2 28. Nxd2 Rxc2 29. Rxc2 Rxe1+ 0-1

[Event "Sonderjysk EMT 2. klasse 2013"]
[Site "Haderslev"]
[Date "2013.05.06"]
[Round "2"]
[White "Jensen, Karl Orskov"]
[Black "Jessen, Morten"]
[Result "1/2-1/2"]
[WhiteElo "1406"]
[BlackElo "1336"]
[PlyCount "43"]
[EventDate "2013.??.??"]

1. d4 Nf6 2. c4 e6 3. Nc3 d5 4. e3 b6 5. Bd3 Bb7 6. Nf3 dxc4 7. Bxc4 Be7 8. Be2
O-O 9. O-O Nbd7 10. Qc2 c5 11. Rd1 Qc8 12. b3 cxd4 13. exd4 Nd5 14. Bb2 Qc7 15.
a3 Rac8 16. Rdc1 Nxc3 17. Qxc3 Qf4 18. Qd2 Qxd2 19. Nxd2 Bg5 20. Rxc8 Rxc8 21.
Nc4 Ba6 22. Bd3 1/2-1/2

[Event "Sonderjysk EMT 2. klasse 2013"]
[Site "Haderslev"]
[Date "2013.05.06"]
[Round "2"]
[White "Jorgensen, Lars H"]
[Black "Jorgensen, Palle Gejl"]
[Result "1-0"]
[WhiteElo "1408"]
[BlackElo "1408"]
[PlyCount "105"]
[EventDate "2013.??.??"]

1. e4 e5 2. Nf3 Nc6 3. Bb5 Nge7 4. O-O a6 5. Bc4 h6 6. a3 b5 7. Ba2 Bb7 8. d3
d6 9. b4 Qd7 10. Nbd2 Ng6 11. c3 Be7 12. d4 Bf6 13. d5 Nce7 14. Bb2 O-O 15. Rb1
Nf4 16. h3 Bc8 17. Nh2 Neg6 18. Ndf3 Nxh3+ 19. gxh3 Qxh3 20. Bc1 Nh4 21. Nxh4
Bxh4 22. Qf3 Qd7 23. Qg2 Kh7 24. f4 f5 25. fxe5 dxe5 26. exf5 Rxf5 27. Qe4 Be7
28. Rxf5 Qxf5 29. Qxf5+ Bxf5 30. Rb2 Bd6 31. Be3 g6 32. Bb1 e4 33. Nf1 Re8 34.
Bd4 g5 35. Ne3 Bg6 36. Rf2 Rf8 37. Rxf8 Bxf8 38. Be5 Bd6 39. Bxd6 cxd6 40. c4
Kg7 41. Kf2 Kf7 42. c5 Ke7 43. c6 Kd8 44. Bc2 h5 45. Bd1 Kc7 46. Nf1 h4 47. Bg4
Bf7 48. Ne3 Kb6 49. Kg2 Kc7 50. Kh3 Kb6 51. Bf5 Bxd5 52. Nxd5+ Kxc6 53. Bxe4
1-0

[Event "Sonderjysk EMT 2. klasse 2013"]
[Site "Haderslev"]
[Date "2013.05.06"]
[Round "2"]
[White "Petersen, Lasse Borring"]
[Black "Krongaard, Kasper Schmidt"]
[Result "0-1"]
[WhiteElo "1000"]
[BlackElo "1000"]
[PlyCount "100"]
[EventDate "2013.??.??"]

1. e4 Nc6 2. Nf3 e5 3. d4 Bd6 4. d5 Nce7 5. b3 f6 6. Bb2 Ng6 7. Bd3 N8e7 8. O-O
c6 9. Nc3 O-O 10. Bc4 c5 11. Qd3 Rb8 12. Rad1 Kh8 13. Rd2 Nf4 14. Qe3 b6 15. g3
Nfg6 16. Rfd1 a6 17. Be2 Qc7 18. Ba3 b5 19. Kg2 b4 20. Nb1 bxa3 21. c4 Qa5 22.
Qc3 Bc7 23. Rd3 d6 24. Ne1 f5 25. exf5 Bxf5 26. Qxa5 Bxa5 27. Rf3 Be4 28. Kg1
Bxf3 29. Bxf3 Bxe1 30. Rxe1 Rxf3 31. Nd2 Rf7 32. Ne4 Nc8 33. Ng5 Rf5 34. h4 h6
35. Ne6 a5 36. Kg2 Nb6 37. Rf1 a4 38. bxa4 Nxa4 39. Kh3 h5 40. f4 e4 41. g4
hxg4+ 42. Kxg4 Rf6 43. f5 Ne5+ 44. Kg5 Rb2 45. h5 Nf7+ 46. Kf4 Rxa2 47. Kxe4
Rb2 48. Ra1 a2 49. Nf4 Nc3+ 50. Kd3 Rb1 0-1

[Event "Sonderjysk EMT 2. klasse 2013"]
[Site "Haderslev"]
[Date "2013.05.06"]
[Round "2"]
[White "Wedel, Freddy"]
[Black "Harbo, Ole"]
[Result "0-1"]
[WhiteElo "1200"]
[BlackElo "1020"]
[PlyCount "78"]
[EventDate "2013.??.??"]

1. e4 e5 2. Nc3 Bc5 3. Nf3 Nf6 4. d3 d6 5. Bg5 Nc6 6. Qd2 a5 7. Bxf6 Qxf6 8.
Nd5 Qd8 9. Qg5 Qxg5 10. Nxg5 O-O 11. O-O-O h6 12. Nf3 Bg4 13. Be2 Rac8 14. h3
Bxf3 15. Bxf3 Bxf2 16. Kb1 Bb6 17. Nxb6 cxb6 18. Rd2 b5 19. Rhd1 b4 20. Bg4 Rc7
21. Rc1 Nd4 22. Bd1 b6 23. c3 bxc3 24. bxc3 Ne6 25. d4 exd4 26. cxd4 Rxc1+ 27.
Kxc1 Rc8+ 28. Kb1 Rc4 29. d5 Nd4 30. e5 dxe5 31. d6 Rc8 32. Ba4 Rd8 33. Kb2 b5
34. Bd1 Rxd6 35. a4 bxa4 36. Bxa4 Rb6+ 37. Ka2 f5 38. g4 f4 39. Rd1 Rb4 0-1

[Event "Sonderjysk EMT 2. klasse 2013"]
[Site "Haderslev"]
[Date "2013.05.13"]
[Round "3"]
[White "Jorgensen, Palle Gejl"]
[Black "Jessen, Morten"]
[Result "1/2-1/2"]
[WhiteElo "1408"]
[BlackElo "1336"]
[PlyCount "74"]
[EventDate "2013.??.??"]

1. e4 c5 2. Nf3 d6 3. h3 Nc6 4. Bc4 Nf6 5. Nc3 a6 6. a3 g6 7. d3 Bg7 8. Bd2 O-O
9. O-O b5 10. Ba2 Bd7 11. Ne2 Rb8 12. c3 Qc7 13. Ng3 a5 14. Qc1 b4 15. cxb4
axb4 16. axb4 Nxb4 17. Bc4 Nc6 18. Rb1 Rb6 19. Bc3 Rfb8 20. Ng5 e6 21. f4 Ne7
22. Rf2 Ra8 23. Qd2 d5 24. Bxf6 Bxf6 25. exd5 exd5 26. Qc2 dxc4 27. N5e4 Bh4
28. Kh2 Bxg3+ 29. Kxg3 Nf5+ 30. Kh2 Kf8 31. dxc4 Ng7 32. Qc3 Rab8 33. Ng5 Ne6
34. Nxh7+ Ke7 35. Qf6+ Kd6 36. Qe5+ Ke7 37. Qf6+ Kd6 1/2-1/2

[Event "Sonderjysk EMT 2. klasse 2013"]
[Site "Haderslev"]
[Date "2013.05.13"]
[Round "3"]
[White "Petersen, Lasse Borring"]
[Black "Jorgensen, Arne Juul"]
[Result "1/2-1/2"]
[WhiteElo "1000"]
[BlackElo "1039"]
[PlyCount "43"]
[EventDate "2013.??.??"]

1. e4 e5 2. Nf3 Nc6 3. Bc4 Nf6 4. Nc3 Bc5 5. O-O d6 6. d3 h6 7. h3 O-O 8. Re1
Bb4 9. Bd2 Bxc3 10. Bxc3 a6 11. d4 Re8 12. dxe5 dxe5 13. Qxd8 Rxd8 14. Rad1
Rxd1 15. Rxd1 Nxe4 16. Nxe5 Nxe5 17. Bxe5 c6 18. Rd8+ Kh7 19. Bd3 f5 20. f3 Nf6
21. Rxc8 Rxc8 22. Bxf5+ 1/2-1/2

[Event "Sonderjysk EMT 2. klasse 2013"]
[Site "Haderslev"]
[Date "2013.05.13"]
[Round "3"]
[White "Wedel, Freddy"]
[Black "Bruhn, Curt"]
[Result "0-1"]
[WhiteElo "1200"]
[BlackElo "1165"]
[PlyCount "58"]
[EventDate "2013.??.??"]

1. e4 Nc6 2. Nf3 e6 3. d3 d5 4. Nc3 Bb4 5. Bd2 Nf6 6. a3 Bc5 7. g4 Nxg4 8. Qe2
Bxf2+ 9. Kd1 Bc5 10. h3 Nge5 11. Nxe5 Nxe5 12. Be3 Bxe3 13. Qxe3 Nc6 14. exd5
Ne7 15. dxe6 Bxe6 16. Kd2 Nc6 17. Qf2 Qd4 18. Qxd4 Nxd4 19. Re1 Nf3+ 20. Kd1
Nxe1 21. Kxe1 O-O 22. Bg2 c6 23. Rf1 f6 24. Kf2 Rad8 25. Rd1 Bf7 26. Bf1 Rd6
27. Re1 Re8 28. Rxe8+ Bxe8 29. Ne4 Re6 0-1

[Event "Sonderjysk EMT 2. klasse 2013"]
[Site "Haderslev"]
[Date "2013.05.27"]
[Round "4"]
[White "Jensen, Karl Orskov"]
[Black "Jorgensen, Lars H"]
[Result "0-1"]
[WhiteElo "1406"]
[BlackElo "1408"]
[PlyCount "60"]
[EventDate "2013.??.??"]

1. f4 d5 2. Nf3 e6 3. e3 Nf6 4. c4 Be7 5. Be2 O-O 6. O-O Nbd7 7. Nc3 dxc4 8.
Bxc4 Nb6 9. Be2 Nbd5 10. Nxd5 Qxd5 11. Qc2 Qc5 12. Ne1 Qxc2 13. Nxc2 b6 14. a3
Bb7 15. d3 c5 16. b3 Rad8 17. Bb2 Rd7 18. Rad1 Rfd8 19. g4 Ba6 20. a4 Bxd3 21.
Rxd3 Rxd3 22. Bxd3 Rxd3 23. Bxf6 Bxf6 24. g5 Be7 25. Rb1 h6 26. h4 hxg5 27.
hxg5 e5 28. b4 exf4 29. exf4 g6 30. Re1 Kf8 0-1

[Event "Sonderjysk EMT 2. klasse 2013"]
[Site "Haderslev"]
[Date "2013.05.27"]
[Round "4"]
[White "Jessen, Morten"]
[Black "Schack, Asbjorn Hovgaard"]
[Result "0-1"]
[WhiteElo "1336"]
[BlackElo "1226"]
[PlyCount "84"]
[EventDate "2013.??.??"]

1. c4 e6 2. g3 Nf6 3. Bg2 d5 4. cxd5 exd5 5. Nf3 g6 6. O-O Bg7 7. d4 O-O 8. e3
Bf5 9. Nc3 Nbd7 10. Qb3 Nb6 11. Bd2 Rc8 12. Rac1 Re8 13. a4 a5 14. Nb5 Nc4 15.
Nc3 Nxd2 16. Nxd2 Be6 17. Nf3 Rb8 18. Ng5 c6 19. Nxe6 Rxe6 20. Bh3 Re7 21. Ne2
Ne4 22. Qd3 f5 23. Rfd1 Qd6 24. Qb3 Rf8 25. Bg2 Bh6 26. Qb6 Ra8 27. Bxe4 fxe4
28. Rc5 Ra6 29. Qb3 Qd8 30. Rdc1 Rf7 31. Rf1 Rb6 32. Qc3 Ra6 33. Qd2 Bf8 34.
Rcc1 Bb4 35. Nc3 Qd7 36. Qe2 Rf3 37. Rb1 Qg4 38. Na2 Rxg3+ 39. fxg3 Qxe2 40.
Nxb4 axb4 41. Rf2 Qxe3 42. Rbf1 Ra8 0-1

[Event "Sonderjysk EMT 2. klasse 2013"]
[Site "Haderslev"]
[Date "2013.05.27"]
[Round "4"]
[White "Jorgensen, Palle Gejl"]
[Black "Harbo, Ole"]
[Result "1-0"]
[WhiteElo "1408"]
[BlackElo "1020"]
[PlyCount "85"]
[EventDate "2013.??.??"]

1. e4 e5 2. Nf3 Nc6 3. Nc3 Nf6 4. a3 Bc5 5. h3 a6 6. Bc4 h6 7. d3 b5 8. Ba2 b4
9. Ne2 Bb7 10. O-O a5 11. c3 O-O 12. Ng3 Ne7 13. Bc4 bxa3 14. bxa3 d5 15. exd5
Bxd5 16. Nxe5 Qd6 17. Qe2 Rfe8 18. d4 Bb6 19. a4 c5 20. Ba3 Qc7 21. Bb5 Red8
22. Rac1 Ne8 23. Qe3 c4 24. Ng4 Ng6 25. Nf5 Qf4 26. Qxf4 Nxf4 27. Rce1 Nc7 28.
f3 Nxb5 29. axb5 a4 30. Ne7+ Kh8 31. Re5 Ra5 32. Kh2 Rxb5 33. g3 Nd3 34. Rf5
Bxd4 35. cxd4 c3 36. Ne3 Rb2+ 37. Bxb2 cxb2 38. Rxd5 Rxd5 39. N7xd5 a3 40. Nc3
Nb4 41. Nc4 Nc2 42. Na2 Nxd4 43. Nxa3 1-0

[Event "Sonderjysk EMT 2. klasse 2013"]
[Site "Haderslev"]
[Date "2013.05.27"]
[Round "4"]
[White "Krongaard, Kasper Schmidt"]
[Black "Jorgensen, Arne Juul"]
[Result "1-0"]
[WhiteElo "1000"]
[BlackElo "1039"]
[PlyCount "31"]
[EventDate "2013.??.??"]

1. d4 d5 2. c4 b6 3. cxd5 Qxd5 4. Nc3 Qd7 5. e3 Nf6 6. Be2 Bb7 7. Nf3 e6 8. Bb5
Bc6 9. Ne5 Qd6 10. Qa4 Bxb5 11. Nxb5 Nfd7 12. Nxd6+ Bxd6 13. Nxd7 Nxd7 14. O-O
a5 15. b3 Rd8 16. Ba3 1-0

[Event "Sonderjysk EMT 2. klasse 2013"]
[Site "Haderslev"]
[Date "2013.06.03"]
[Round "5"]
[White "Bruhn, Curt"]
[Black "Krongaard, Kasper Schmidt"]
[Result "1-0"]
[WhiteElo "1165"]
[BlackElo "1000"]
[PlyCount "58"]
[EventDate "2013.??.??"]

1. d4 d5 2. e3 Nf6 3. Nf3 Bf5 4. c4 e6 5. Qb3 b6 6. Qb5+ Qd7 7. Qxd7+ Nbxd7 8.
Nc3 c6 9. Be2 Bb4 10. Bd2 O-O 11. a3 Bxc3 12. Bxc3 c5 13. O-O a6 14. b4 Rfc8
15. Ne5 Nxe5 16. dxe5 Nd7 17. Rad1 cxb4 18. axb4 Bc2 19. Rd2 Bb3 20. cxd5 Bxd5
21. Bf3 Rxc3 22. Bxd5 exd5 23. Rxd5 Rc7 24. g3 Nb8 25. b5 a5 26. Rd6 Rc5 27.
Rxb6 Nd7 28. Rb7 Nxe5 29. Kg2 g5 1-0

[Event "Sonderjysk EMT 2. klasse 2013"]
[Site "Haderslev"]
[Date "2013.06.03"]
[Round "5"]
[White "Christensen, Karl Martin"]
[Black "Jorgensen, Palle Gejl"]
[Result "0-1"]
[WhiteElo "1378"]
[BlackElo "1408"]
[PlyCount "26"]
[EventDate "2013.??.??"]

1. c4 e5 2. Nc3 Nf6 3. e4 Bc5 4. d3 Nc6 5. Bg5 h6 6. Bh4 g5 7. Bg3 d6 8. h3 Bd7
9. Qd2 a6 10. f3 Qe7 11. Bf2 Nd4 12. Nge2 O-O-O 13. g4 Nxf3+ 0-1

[Event "Sonderjysk EMT 2. klasse 2013"]
[Site "Haderslev"]
[Date "2013.06.03"]
[Round "5"]
[White "Jensen, Karl Orskov"]
[Black "Schack, Asbjorn Hovgaard"]
[Result "0-1"]
[WhiteElo "1406"]
[BlackElo "1226"]
[PlyCount "30"]
[EventDate "2013.??.??"]

1. d4 d5 2. Nf3 e6 3. c4 Nf6 4. a3 Nbd7 5. Nc3 Be7 6. e3 O-O 7. Be2 dxc4 8.
Bxc4 c5 9. O-O a6 10. d5 Nb6 11. Qb3 exd5 12. Nxd5 Nbxd5 13. Rd1 Qc7 14. Bxd5
Nxd5 15. Qc2 Rd8 0-1

[Event "Sonderjysk EMT 2. klasse 2013"]
[Site "Haderslev"]
[Date "2013.06.03"]
[Round "5"]
[White "Jorgensen, Lars H"]
[Black "Jessen, Morten"]
[Result "1-0"]
[WhiteElo "1408"]
[BlackElo "1336"]
[PlyCount "53"]
[EventDate "2013.??.??"]

1. e4 c5 2. Nf3 d6 3. d4 cxd4 4. Nxd4 Nf6 5. Nc3 g6 6. Nb3 Bg7 7. Bd3 Nc6 8.
O-O O-O 9. Be3 Bd7 10. Qc1 a6 11. Bh6 Ne5 12. Bxg7 Kxg7 13. Be2 Bc6 14. f3 Rc8
15. Qd2 h5 16. f4 Ned7 17. Qe3 Qb6 18. Qxb6 Nxb6 19. Bd3 Bd7 20. Nd1 Na4 21.
Nd4 Nc5 22. Rf3 Nfxe4 23. Re3 Nxd3 24. cxd3 d5 25. dxe4 dxe4 26. Rxe4 Rc4 27.
Nf5+ 1-0

[Event "Sonderjysk EMT 2. klasse 2013"]
[Site "Haderslev"]
[Date "2013.06.03"]
[Round "5"]
[White "Petersen, Lasse Borring"]
[Black "Harbo, Ole"]
[Result "0-1"]
[WhiteElo "1000"]
[BlackElo "1020"]
[PlyCount "76"]
[EventDate "2013.??.??"]

1. e4 e5 2. Nf3 Nc6 3. Bc4 Nf6 4. Nc3 Bc5 5. O-O a6 6. h3 b5 7. Bd5 Nxd5 8.
Nxd5 O-O 9. d3 d6 10. Bg5 f6 11. Bh4 Na5 12. b4 c6 13. Nc3 Bxb4 14. Qe1 c5 15.
a3 Bxc3 16. Qxc3 Qb6 17. Rfb1 Be6 18. a4 b4 19. Qd2 d5 20. exd5 Bxd5 21. c3 Nb3
22. Qc2 Nxa1 23. Rxa1 b3 24. Qb2 e4 25. dxe4 Bxe4 26. a5 Qb5 27. Bg3 c4 28. Bd6
Rfe8 29. Ba3 Bxf3 30. gxf3 Qg5+ 31. Kf1 Re6 32. Qd2 Qf5 33. Re1 Qxh3+ 34. Kg1
h6 35. Qd5 Rae8 36. Rxe6 Rxe6 37. Qd8+ Kh7 38. Qd5 Re1# 0-1